|
|
|
|
| LEADER |
00000nam0a2200000 4500 |
| 001 |
28422 |
| 005 |
20231030202827.0 |
| 010 |
|
|
|a 52300728066
|
| 035 |
|
|
|a (RuTPU)RU\TPU\book\28678
|
| 035 |
|
|
|a BOOK00028753
|
| 090 |
|
|
|a 28422
|
| 100 |
|
|
|a 20011209d1993 k y0rusy50 ca
|
| 101 |
0 |
|
|a rus
|
| 102 |
|
|
|a RU
|
| 105 |
|
|
|a a 000|y
|
| 200 |
1 |
|
|a Прогрессивные направления развития технологии машиностроения
|e Межвузовский научный сборник
|f СаратГТУ
|
| 210 |
|
|
|a Саратов
|c Изд-во Саратовского ГТУ
|d 1993
|
| 215 |
|
|
|a 121 с.
|c ил.
|
| 320 |
|
|
|a Библиогр. в конце статей
|
| 610 |
1 |
|
|a машиностроение
|
| 610 |
1 |
|
|a технология
|
| 610 |
1 |
|
|a механосборочные производства
|
| 610 |
1 |
|
|a технологические процессы
|
| 610 |
1 |
|
|a совершенствование
|
| 675 |
|
|
|a 621.002
|v 3
|
| 712 |
0 |
2 |
|a Саратовский государственный технический университет
|
| 801 |
|
0 |
|a RU
|b 63413507
|c 20011209
|g PSBO
|
| 942 |
|
|
|c BK
|